000 00377nam a2200181Ia 4500
008 221030s9999 xx 000 0 und d
020 _a0471804576
041 _aEnglish
082 _a105.23
_bHal
100 _aD. Halliday
245 0 _aPhysics Vol. II
250 _a4th
260 _c1994
300 _a1020
650 _aPhysics
700 _aR. Resnick
942 _cBK
999 _c1894
_d1894